LEADER 00876nam0-22003011i-450- 001 990000123680403321 035 $a000012368 035 $aFED01000012368 035 $a(Aleph)000012368FED01 035 $a000012368 100 $a20011111d--------km-y0itay50------ba 101 0 $aita 105 $ay-------001yy 200 1 $aCorso di statica grafica$fLuigi Cremona. 210 $aS.l.$cs.e.$d1867-68 215 $a232 p.$cill.$d24 cm 300 $aIn testa al front.: Regio Istituto tecnico superiore in Milano. Anno scolasitco 1867-68 610 0 $aStatica grafica 676 $a624.171 2 700 1$aCremona,$bLuigi$f<1830-1903>$02818 801 0$aIT$bUNINA$gRICA$2UNIMARC 901 $aBK 912 $a990000123680403321 952 $a13 AR 15 D 60$b3552$fFINBC 959 $aFINBC 996 $aCorso di statica grafica$9114242 997 $aUNINA DB $aING01 LEADER 05350nam 2200649 450 001 9910785601503321 005 20230120011920.0 010 $a1-78063-309-2 035 $a(CKB)2670000000240531 035 $a(EBL)1583652 035 $a(OCoLC)866858463 035 $a(SSID)ssj0000767630 035 $a(PQKBManifestationID)12303451 035 $a(PQKBTitleCode)TC0000767630 035 $a(PQKBWorkID)10758154 035 $a(PQKB)10367490 035 $a(Au-PeEL)EBL1583652 035 $a(CaPaEBR)ebr10816547 035 $a(CaONFJC)MIL549498 035 $a(CaSebORM)9781843346692 035 $a(MiAaPQ)EBC1583652 035 $a(EXLCZ)992670000000240531 100 $a20131226d2012 uy| 0 101 0 $aeng 135 $aur|n|---||||| 181 $ctxt 182 $cc 183 $acr 200 00$aAcademic and professional publishing /$fedited by Robert Campbell, Ed Pentz and Ian Borthwick 205 $a1st edition 210 1$aOxford :$cChandos Publishing,$d2012. 215 $a1 online resource (525 p.) 225 1 $aChandos publishing series 300 $aDescription based upon print version of record. 311 $a1-84334-669-9 320 $aIncludes bibliographical references and index. 327 $aCover; Academic andProfessional Publishing; Copyright; Contents; List of figures and tables; About the authors; 1 Introduction: overview of academic and professional publishing; Introduction; Trends in journal publishing; The four phases of the 'modern journal'; The rise, fall and rise in circulation; Current status; Electronic publishing; Journals and data; A dark cloud; The future; References; 2 Peer review in a rapidly evolving publishing landscape; Introduction; Peer review as the foundation of the primary literature; The peer-review process; Evaluation and decision-making 327 $aNew models of peer reviewPost-publication review and evaluation; Conclusion and outlook; Sources of further information; References; 3 The scholarly ecosystem; Introduction; Funding of research by governments, business and other organisations; Research and researchers; Competition and collaboration; Looking forward; Notes; References; 4 The digital revolution; Introduction; Online publishing platforms; Web 2.0; Workflow integration; Mobile devices; Semantic technology; Publisher interests in semantic technology; Conclusion and outlook; References; 5 Publishing and communication strategies 327 $aIntroductionStrategic developments in the scientific and academic publishing industry; Product development vs. market development; Programme management and portfolio development; The Tao of Academic Publishing; Acknowledgments and sources of further information; Notes; References; 6 Development of journal publishing business models and finances; Introduction; Business models for scholarly journals; Cost management; Financial management and performance; Journals as a portfolio; Conclusion and outlook; Note; Sources of further information; References 327 $a7 Development of book publishing business models and financesIntroduction; The impact of digitisation and digital publishing; The stakeholders and market drivers of digital book publishing; The shape and development of new book publishing business models; Conclusion - the future of 'stuff'; Acknowledgement; Further reading; References; 8 Editorial and production workflows; Introduction; Advances in formats and in editorial and production workflows; Metadata and XML-based processing; Electronic production workflows; Business process management and IT systems development; Quality assurance 327 $aConclusion and outlookNote; References; 9 Electronic publishing standards; Introduction; Standards development; Key standards in electronic publishing; Conclusion; Notes; References; 10 Citation, bibliometrics and quality: assessing impact and usage; Introduction; Quality, impact and popularity; Citation indices; Journal impact metrics; Backlash against citation metrics; Strategic journal development; The 'early view' effect; Open Access (OA) and citations; Author metrics; The future of research performance metrics; References; 11 Relating content to the user 327 $aIntroduction: user experience in the publishing industry 330 $aAcademic and professional publishing represents a diverse communications industry rooted in the scholarly ecosystem, peer review, and added value products and services. Publishers in this field play a critical and trusted role, registering, certifying, disseminating and preserving knowledge across scientific, technical and medical (STM), humanities and social science disciplines. Academic and Professional Publishing draws together expert publishing professionals, to provide comprehensive insight into the key developments in the industry and the innovative and multi-disciplinary approaches bein 410 0$aPublishing series. 606 $aScholarly publishing 615 0$aScholarly publishing. 676 $a808.02 701 $aCampbell$b Robert$098227 701 $aPentz$b Ed$01536286 701 $aBorthwick$b Ian$01536287 801 0$bMiAaPQ 801 1$bMiAaPQ 801 2$bMiAaPQ 906 $aBOOK 912 $a9910785601503321 996 $aAcademic and professional publishing$93784968 997 $aUNINA